| 000 | 00936nam a2200253 a 4500 | ||
|---|---|---|---|
| 001 | 71621 | ||
| 003 | BD-RjUL | ||
| 005 | 20211209082133.0 | ||
| 008 | 170506s1990 ii ||||| |||| 00| 0 eng d | ||
| 020 | _a817074072X | ||
| 035 | _a(BD-RjUL)71837 | ||
| 040 |
_aBD-RjUL _beng _cBD-RjUL _dBD-RjUL |
||
| 041 | _aeng | ||
| 082 |
_223 _a333.760954 _bHOM 1990 |
||
| 100 | 1 |
_aহবিব, ইরফান _9211921 |
|
| 245 | 1 | 0 |
_aমুঘল ভারতের কৃষি ব্যবস্থা : _b(1556-1707) / _cইরফান হবিব |
| 260 |
_aকলকাতা : _bকে পি বাগচী, _c১৯৯০. |
||
| 300 |
_a৪৮৪ পৃ. ; _c২০ সেমি. |
||
| 650 |
_2গ্রামীণ অবস্থা _zভারত _9211922 |
||
| 650 |
_aRural conditions _zIndia _9211923 |
||
| 650 |
_aকৃষি এবং রাষ্ট্র _9211924 |
||
| 650 |
_aAgriculture and state _9211925 |
||
| 942 |
_2ddc _cBK |
||
| 999 |
_c71621 _d71621 |
||